|
|
|
|
| LEADER |
00816nam a22002292a 4500 |
| 001 |
001818104 |
| 003 |
CZ BrMZK |
| 005 |
20220315151314.0 |
| 007 |
ta |
| 008 |
220315s1936 gw er|||||||||||ger d |
| 040 |
|
|
|a BOA001
|b cze
|e aacr2
|
| 100 |
1 |
|
|a Strube, Edelgard von
|4 dis
|
| 245 |
1 |
0 |
|a Innozenz' III. politische Korrespondenz und die religiöse Weltherrschaftsidee der Kurie /
|c von Edelgard Strube
|
| 260 |
|
|
|a Libau :
|b G.D. Meyer,
|c 1936
|
| 300 |
|
|
|a ix, 123 s.
|
| 502 |
|
|
|a Disertace--Friedrich-Wilhelms-Universität Berlin, 1936
|
| 655 |
|
7 |
|a disertace
|7 fd132024
|2 czenas
|
| 710 |
2 |
|
|a Friedrich-Wilhelms-Universität Berlin
|7 ko2004238874
|4 isb
|
| 910 |
|
|
|a BOA001
|b 2-0241.214
|
| 990 |
|
|
|a BK
|
| 991 |
|
|
|b 202202
|
| 996 |
6 |
|
|b BC-2302053
|c 2-0241.214
|l MZK
|r Sklad / do 24 hodin
|n 0
|w 001882155
|u 000010
|a 1
|e BOA001
|j MZK50
|s P
|